| 000 | 00635nas a2200217 4500 | ||
|---|---|---|---|
| 001 | BR9101873 | ||
| 003 | BR-BrBNA | ||
| 005 | 20231205092008.0 | ||
| 007 | ta | ||
| 008 | 230509b bl.|||p| |||| 00| 00por d | ||
| 040 |
_aBR-BrBNA _bpor _cBiblioteca Nacional de Agricultura |
||
| 041 | _a(Pt) | ||
| 072 | _aF01 | ||
| 100 | 1 | _aKampf, A.N. | |
| 245 | 1 | _aVale a pena cultivar; jasmim-do-cabo ou gardenia | |
| 650 | _aPLANTA ORNAMENTAL | ||
| 650 | _aJARDINAGEM | ||
| 773 | 0 |
_tLavoura Arrozeira (Brazil) _xISSN 0023-9143 _g(Sep-Oct 1985), v. 38(361) p. 56 _wBR9101873 |
|
| 909 |
_a202311 _bLúcia _c55 _dLúcia Elande |
||
| 942 |
_2AGRIS _n0 _cANA |
||
| 999 |
_c128604 _d128604 |
||